[Event "World Blitz 2018"]
[Site "St Petersburg RUS"]
[Date "2018.12.30"]
[Round "15.37"]
[White "Kazhgaleyev, Murtas"]
[Black "Alekseev, Evgeny"]
[Result "1-0"]
[WhiteTitle "GM"]
[BlackTitle "GM"]
[WhiteElo "2587"]
[BlackElo "2639"]
[WhiteFideId "13700316"]
[BlackFideId "4138147"]
[EventDate "2018.12.29"]
[EventType "blitz"]

1. d4 e6 2. c4 b6 3. Nc3 Bb4 4. e3 Bb7 5. Ne2 f5 6. a3 Be7 7. d5 Nf6 8. g3 Na6
9. Bg2 Nc5 10. O-O O-O 11. b4 Nce4 12. Bb2 a5 13. Nxe4 Nxe4 14. f3 Nd6 15. Qb3
b5 16. dxe6 bxc4 17. Qc2 dxe6 18. Nf4 Qc8 19. e4 Bg5 20. Nh5 Bh6 21. e5 Nf7 22.
Qxc4 Bd5 23. Qd4 Rd8 24. Qf2 Qb7 25. Bc3 axb4 26. axb4 Qc6 27. Bd4 Qc4 28. Rac1
Qxb4 29. Nf4 Bxf4 30. gxf4 Ra2 31. Qe3 Rc8 32. Bc5 Qa4 33. Kh1 h6 34. Rg1 Kh7
35. Bf1 Rg8 36. Rg3 Qa5 37. Bd3 g6 38. h4 h5 39. Bd4 c6 40. Rb1 Qd8 41. Rh3 Qc7
42. Rh2 Ra3 43. Rhb2 Qe7 44. Rh2 Qc7 45. Rhb2 1-0

[Event "World Blitz 2018"]
[Site "St Petersburg RUS"]
[Date "2018.12.30"]
[Round "15.53"]
[White "Reshetnikov, Alexey"]
[Black "Christiansen, Johan-Sebastian"]
[Result "1-0"]
[WhiteTitle "IM"]
[BlackTitle "GM"]
[WhiteElo "2492"]
[BlackElo "2555"]
[WhiteFideId "4162080"]
[BlackFideId "1512668"]
[EventDate "2018.12.29"]
[EventType "blitz"]

1. b3 e5 2. Bb2 Nc6 3. c4 Nf6 4. e3 Be7 5. d3 O-O 6. Nf3 Re8 7. Nbd2 Bf8 8. Be2
a5 9. a3 d5 10. cxd5 Nxd5 11. O-O h6 12. Rc1 Nf6 13. Qc2 Bd6 14. Rfd1 Qe7 15.
Nc4 Bf5 16. Nfd2 Rad8 17. Bf3 Qd7 18. Nxd6 Qxd6 19. Nc4 Qd7 20. Bxc6 Qxc6 21.
Nxe5 Qb5 22. e4 Be6 23. Nc4 a4 24. bxa4 Qa6 25. Bxf6 gxf6 26. Ne3 c6 27. d4 Ra8
28. d5 cxd5 29. exd5 Bd7 30. Qc7 Qxa4 31. h3 Rac8 32. Qg3+ Kh7 33. Qf3 Kg7 34.
Rxc8 Rxc8 35. d6 Rc3 36. Re1 Qxa3 37. Qxb7 Qxd6 38. Qe4 Be6 39. Rd1 Qc6 40. Qd4
Rc5 41. Qf4 Rg5 42. Rd6 Qc1+ 43. Kh2 Qc7 44. g3 Qa7 45. Rd8 Rc5 46. Qd6 Kg6 47.
Rg8+ 1-0

[Event "World Blitz 2018"]
[Site "St Petersburg RUS"]
[Date "2018.12.30"]
[Round "15.83"]
[White "Steinberg, Nitzan"]
[Black "Fakhrutdinov, Timur"]
[Result "1-0"]
[WhiteTitle "GM"]
[BlackTitle "FM"]
[WhiteElo "2532"]
[BlackElo "2481"]
[WhiteFideId "2801795"]
[BlackFideId "24176702"]
[EventDate "2018.12.29"]
[EventType "blitz"]

1. e4 e5 2. Nf3 Nc6 3. Bb5 Nf6 4. O-O Nxe4 5. Re1 Nd6 6. a4 Be7 7. Nc3 O-O 8. d4
Nxd4 9. Nxd4 exd4 10. Nd5 Re8 11. Bd3 Bf8 12. Bxh7+ Kxh7 13. Qh5+ Kg8 14. Bg5 f6
15. Bxf6 gxf6 16. Qg6+ Bg7 17. Rxe8+ Nxe8 18. Re1 Nd6 19. Ne7+ Kf8 20. Qh7 Qxe7
21. Rxe7 Kxe7 22. Qxg7+ Nf7 23. h4 d6 24. g4 Be6 25. g5 fxg5 26. hxg5 Rf8 27. g6
c5 28. f4 Ke8 29. Kf2 Nd8 30. Kg3 Rg8 31. Qh7 Kf8 32. Kh4 Rg7 33. Qh6 Nc6 34.
Kg5 Ne7 35. Qh8+ Ng8 36. f5 Bxf5 37. Kxf5 Re7 38. Qh4 Re5+ 39. Kf4 Ne7 40. Qh8+
Ng8 41. Qh7 Re7 42. Qh5 Nf6 43. Qh6+ Kg8 44. Kf5 Ne8 45. Kf4 Rg7 46. Qg5 Rd7 47.
Qd5+ Kg7 48. Qe6 Nf6 1-0

[Event "World Blitz 2018"]
[Site "St Petersburg RUS"]
[Date "2018.12.30"]
[Round "16.5"]
[White "Aronian, Levon"]
[Black "Sjugirov, Sanan"]
[Result "1-0"]
[WhiteTitle "GM"]
[BlackTitle "GM"]
[WhiteElo "2765"]
[BlackElo "2663"]
[WhiteFideId "13300474"]
[BlackFideId "4189302"]
[EventDate "2018.12.29"]
[EventType "blitz"]

1. e4 c5 2. Nf3 d6 3. Bb5+ Nd7 4. c3 Nf6 5. Bd3 g6 6. Bc2 Bg7 7. d4 O-O 8. O-O
Qc7 9. Re1 e5 10. a4 b6 11. Na3 a6 12. Bg5 h6 13. Bh4 Re8 14. dxe5 Nxe5 15. Nxe5
dxe5 16. Nc4 Be6 17. Ne3 Qc6 18. Qf3 Nh5 19. Red1 Nf4 20. Bg3 g5 21. Nd5 c4 22.
Bxf4 exf4 23. g3 Bxd5 24. exd5 Qd6 25. gxf4 gxf4 26. Kh1 Kf8 27. Rg1 Rad8 28.
Rad1 Re5 29. Rd4 Rg5 30. Rxc4 Qxd5 31. Re4 Be5 32. Rd1 Qa8 33. Rxd8+ Qxd8 34.
Bd3 Qd5 35. h4 Rf5 36. Kg2 Rf6 37. Rc4 Qxf3+ 38. Kxf3 Rd6 39. Rc8+ Kg7 40. Bxa6
Rd2 41. b4 Ra2 42. Ke4 Bf6 43. Rc7 Rxa4 44. Bc4 Bxh4 45. Kf5 Ra3 46. Rxf7+ Kh8
47. Kg6 Ra8 48. Rh7# 1-0

[Event "World Blitz 2018"]
[Site "St Petersburg RUS"]
[Date "2018.12.30"]
[Round "16.12"]
[White "Maghsoodloo, Parham"]
[Black "Jobava, Baadur"]
[Result "1-0"]
[WhiteTitle "GM"]
[BlackTitle "GM"]
[WhiteElo "2688"]
[BlackElo "2627"]
[WhiteFideId "12539929"]
[BlackFideId "13601520"]
[EventDate "2018.12.29"]
[EventType "blitz"]

1. d4 Nf6 2. Nf3 e6 3. Bf4 b6 4. e3 Bb7 5. Nbd2 Bd6 6. Bg3 O-O 7. a4 a6 8. Bd3
h6 9. e4 Bxg3 10. hxg3 d6 11. Qe2 e5 12. dxe5 dxe5 13. Nc4 Nc6 14. c3 Re8 15.
Ne3 Ne7 16. O-O-O Qd7 17. Qc2 Ng6 18. Bxa6 Qc8 19. Bd3 Bc6 20. b3 Nd7 21. Kb2
Nc5 22. Nd2 Qb7 23. Bb5 Bxb5 24. axb5 Ra7 25. Ra1 Rea8 26. Nd5 Kf8 27. Nc4 f6
28. f3 Ne7 29. Nxe7 Kxe7 30. b4 Na4+ 31. Kb3 Nc5+ 32. Kb2 Na4+ 33. Kb3 c6 34.
Qd2 cxb5 35. Qd6+ Kf7 36. Na3 Qa6 37. Qd5+ Kf8 38. Nxb5 Nc5+ 39. Qxc5+ bxc5 40.
Rxa6 Rxa6 41. Nc7 Ra3+ 42. Kc4 R8a4 43. Ne6+ Ke7 44. Nxc5 Ra8 45. Rd1 R3a7 46.
b5 Rc8 47. Kb4 Rac7 48. Rd5 Ra8 49. b6 Rc6 50. Kb5 Rd6 51. b7 Rb8 52. Rxd6 Kxd6
53. Kb6 1-0

[Event "World Blitz 2018"]
[Site "St Petersburg RUS"]
[Date "2018.12.30"]
[Round "16.13"]
[White "Jakovenko, Dmitry"]
[Black "Melkumyan, Hrant"]
[Result "1-0"]
[WhiteTitle "GM"]
[BlackTitle "GM"]
[WhiteElo "2735"]
[BlackElo "2670"]
[WhiteFideId "4122356"]
[BlackFideId "13302485"]
[EventDate "2018.12.29"]
[EventType "blitz"]

1. Nf3 c5 2. c4 g6 3. d4 cxd4 4. Nxd4 Nc6 5. e4 Nf6 6. Nc3 d6 7. f3 Nxd4 8. Qxd4
Bg7 9. Be3 O-O 10. Qd2 a5 11. b3 Bd7 12. Be2 Bc6 13. O-O Nd7 14. Rab1 Nc5 15. a3
Ne6 16. Nd5 Bxd5 17. cxd5 Nc5 18. Bxc5 dxc5 19. a4 f5 20. exf5 Rxf5 21. f4 Kh8
22. Bc4 e6 23. d6 Bd4+ 24. Kh1 Qxd6 25. Rbe1 e5 26. fxe5 Rxe5 27. Rxe5 Qxe5 28.
Qh6 Qg7 29. Qxg7+ Kxg7 30. Rf7+ Kh6 31. Rxb7 Re8 32. g3 Bc3 33. Kg2 Rd8 34. Rc7
Bb4 35. h4 Be1 36. Rxc5 Rd7 37. Re5 Bc3 38. Re6 Kg7 39. Kf3 Bb4 40. Rc6 Re7 41.
g4 Be1 42. h5 gxh5 43. gxh5 h6 44. Rg6+ Kh7 45. Bd3 Rf7+ 46. Ke2 Bb4 47. Be4 Re7
48. Kd3 Rf7 49. Kc4 Re7 50. Kd5 Rf7 51. Rb6+ Kg7 52. Rxb4 axb4 53. Kc5 Kf6 54.
a5 Ke5 55. Bc6 Rf5 56. a6 Ke6+ 57. Kb6 Kd6 58. a7 Rf8 59. a8=Q Rxa8 60. Bxa8 1-0

[Event "World Blitz 2018"]
[Site "St Petersburg RUS"]
[Date "2018.12.30"]
[Round "16.15"]
[White "Predke, Alexandr"]
[Black "Kovalenko, Igor"]
[Result "1-0"]
[WhiteTitle "GM"]
[BlackTitle "GM"]
[WhiteElo "2622"]
[BlackElo "2657"]
[WhiteFideId "24107581"]
[BlackFideId "14117908"]
[EventDate "2018.12.29"]
[EventType "blitz"]

1. e4 d5 2. exd5 Qxd5 3. Nc3 Qa5 4. Bc4 Nf6 5. d3 c6 6. Ne2 Bg4 7. Bd2 Nbd7 8.
f3 Bh5 9. Ng3 Bg6 10. f4 e6 11. Nce4 Qc7 12. O-O O-O-O 13. Qe2 Bxe4 14. Nxe4 g6
15. Ng5 Bc5+ 16. Kh1 Rhf8 17. b4 Bd6 18. Ne4 Nxe4 19. dxe4 Nb6 20. Bd3 Na4 21.
Rab1 Be7 22. Rb3 Kb8 23. Be3 c5 24. Bb5 Nb6 25. bxc5 Nd7 26. Ba6 b6 27. cxb6
axb6 28. Rfb1 Bc5 29. a4 Ka7 30. Bd3 Rb8 31. Rb5 Bxe3 32. Qxe3 Ka8 33. a5 bxa5
34. e5 Nc5 35. Be4+ Ka7 36. Qa3 Ka6 37. Bd3 Nxd3 38. Qxd3 Rxb5 39. Qxb5+ Ka7 40.
Ra1 Qb6 41. Rxa5+ Kb7 42. Qd7+ Kb8 43. Rb5 1-0

[Event "World Blitz 2018"]
[Site "St Petersburg RUS"]
[Date "2018.12.30"]
[Round "16.28"]
[White "Esipenko, Andrey"]
[Black "Hakobyan, Aram"]
[Result "1/2-1/2"]
[WhiteTitle "GM"]
[BlackTitle "GM"]
[WhiteElo "2593"]
[BlackElo "2545"]
[WhiteFideId "24175439"]
[BlackFideId "13306677"]
[EventDate "2018.12.29"]
[EventType "blitz"]

1. d4 Nf6 2. Nf3 b6 3. Bf4 Bb7 4. e3 e6 5. h3 Bd6 6. Bxd6 cxd6 7. Bd3 d5 8. O-O
Ba6 9. Bxa6 Nxa6 10. Qe2 Nb8 11. Nbd2 O-O 12. c4 Nc6 13. cxd5 Nxd5 14. Rac1 Rc8
15. a3 Nde7 16. Rc2 d5 17. Rfc1 Qd7 18. Qa6 Nb8 19. Qd3 Rxc2 20. Rxc2 Nbc6 21.
Rc3 Rc8 22. Qc2 f6 23. Ne1 Na5 24. Nd3 Rxc3 25. Qxc3 Nac6 26. b4 Nd8 27. Qb3 Nb7
28. b5 Nd6 29. a4 Kf7 30. Qb1 g6 31. Qc2 Qc8 32. Qxc8 Ndxc8 33. Kf1 Nd6 34. Ke2
Ke8 35. Kd1 Kd7 36. Kc2 g5 37. g4 h6 38. Nb4 Kc7 39. Kd3 Ng6 40. f3 Kd7 41. Na6
Ne7 42. Nb4 Ng6 43. Na6 Ne7 1/2-1/2

[Event "World Blitz 2018"]
[Site "St Petersburg RUS"]
[Date "2018.12.30"]
[Round "16.29"]
[White "Kovalev, Vladislav"]
[Black "Van Foreest, Jorden"]
[Result "0-1"]
[WhiteTitle "GM"]
[BlackTitle "GM"]
[WhiteElo "2683"]
[BlackElo "2614"]
[WhiteFideId "13504398"]
[BlackFideId "1039784"]
[EventDate "2018.12.29"]
[EventType "blitz"]

1. e4 c5 2. Nf3 d6 3. Bb5+ Bd7 4. c4 Nf6 5. Nc3 g6 6. d4 cxd4 7. Nxd4 Bg7 8. f3
O-O 9. Be3 Bxb5 10. Ndxb5 Nc6 11. Rc1 a6 12. Nd4 Rc8 13. b3 e6 14. O-O Re8 15.
Qd2 d5 16. exd5 exd5 17. Nxc6 bxc6 18. cxd5 Nxd5 19. Nxd5 cxd5 20. Rxc8 Qxc8 21.
Rc1 Qe6 22. Bd4 Bxd4+ 23. Qxd4 Qe2 24. a4 Qe3+ 25. Qxe3 Rxe3 26. Rc8+ Kg7 27.
Rb8 d4 28. Kf2 Rc3 29. Ke2 Rc2+ 30. Kd3 Rxg2 31. Rb6 a5 32. Rb5 Rxh2 33. Rxa5 h5
34. Kxd4 Rb2 35. Kc3 Rf2 36. Rd5 h4 37. a5 Rxf3+ 38. Kc4 h3 39. b4 Rf1 40. Rd2
g5 41. a6 Ra1 42. b5 g4 43. Kc5 g3 44. Rd3 g2 45. Rg3+ Kf6 46. b6 h2 47. b7
g1=Q+ 0-1

[Event "World Blitz 2018"]
[Site "St Petersburg RUS"]
[Date "2018.12.30"]
[Round "16.31"]
[White "Fridman, Daniel"]
[Black "Lintchevski, Daniil"]
[Result "1/2-1/2"]
[WhiteTitle "GM"]
[BlackTitle "GM"]
[WhiteElo "2633"]
[BlackElo "2516"]
[WhiteFideId "11600454"]
[BlackFideId "4171055"]
[EventDate "2018.12.29"]
[EventType "blitz"]

1. d4 d5 2. Nf3 Nf6 3. c4 dxc4 4. e3 e6 5. Bxc4 a6 6. O-O c5 7. dxc5 Bxc5 8.
Qxd8+ Kxd8 9. Be2 Ke7 10. Ne5 Nbd7 11. Nd3 Bd6 12. b3 b6 13. Nd2 b5 14. Bb2 Bb7
15. f3 Nc5 16. Ne5 Rhd8 17. Rfd1 Nd5 18. Nf1 f6 19. Nd3 Nxd3 20. Bxd3 g6 21. Be4
Rac8 22. Rac1 f5 23. Bxd5 Bxd5 24. Kf2 Rxc1 25. Rxc1 Bb7 26. Rc2 Rc8 27. Rxc8
Bxc8 28. f4 Bb7 29. Nd2 Bd5 30. g3 a5 31. Ke2 Kd7 32. Kd3 Kc6 33. e4 fxe4+ 34.
Nxe4 Be7 35. Nf6 Bxf6 1/2-1/2

[Event "World Blitz 2018"]
[Site "St Petersburg RUS"]
[Date "2018.12.30"]
[Round "16.53"]
[White "Rakhmanov, Aleksandr"]
[Black "Frolyanov, Dmitry"]
[Result "1/2-1/2"]
[WhiteTitle "GM"]
[BlackTitle "GM"]
[WhiteElo "2629"]
[BlackElo "2517"]
[WhiteFideId "4173708"]
[BlackFideId "4151976"]
[EventDate "2018.12.29"]
[EventType "blitz"]

1. c4 Nf6 2. Nc3 e5 3. e3 Nc6 4. d4 Bb4 5. Ne2 exd4 6. exd4 O-O 7. a3 Bxc3+ 8.
Nxc3 d5 9. cxd5 Nxd5 10. Be2 Be6 11. O-O Re8 12. Ne4 Bf5 13. Bg5 f6 14. Ng3 fxg5
15. Nxf5 Qf6 16. Ne3 Nf4 17. d5 Nd4 18. Bd3 Kh8 19. Rc1 Re7 20. Rc4 Rae8 21. Kh1
b5 22. Rc1 a6 23. b4 h6 24. Ra1 Nxd3 25. Qxd3 Re4 26. Rac1 Qf4 27. Qd1 R4e7 28.
Qh5 Nf5 29. Nxf5 Qxf5 30. Kg1 Qxd5 31. Rxc7 Re1 32. Rc1 Rxc1 33. Rxc1 Rd8 34. h4
Qd2 35. Rf1 gxh4 36. Qxh4 Rf8 37. Qg3 Qf4 38. Qxf4 Rxf4 39. Rc1 Rf6 40. f3 Kh7
41. Kf2 g5 42. Ke3 Kg6 43. Rc5 h5 44. Ke4 Re6+ 45. Re5 Rd6 46. Rd5 Re6+ 47. Kd4
Re2 48. Rd6+ Kf5 49. g4+ hxg4 50. fxg4+ Kxg4 51. Rxa6 Rf2 52. Rd6 Rf5 53. Ra6
Kf4 54. a4 bxa4 55. Rxa4 g4 56. Ra1 g3 57. Kc4 g2 58. b5 Kg3 59. Rg1 Rf1 60.
Rxg2+ Kxg2 61. Kd5 Kf3 62. b6 Rb1 63. Kc6 Ke4 64. b7 Rxb7 1/2-1/2

[Event "World Blitz 2018"]
[Site "St Petersburg RUS"]
[Date "2018.12.30"]
[Round "16.62"]
[White "Piorun, Kacper"]
[Black "Mikhalevski, Victor"]
[Result "0-1"]
[WhiteTitle "GM"]
[BlackTitle "GM"]
[WhiteElo "2634"]
[BlackElo "2579"]
[WhiteFideId "1130420"]
[BlackFideId "2801914"]
[EventDate "2018.12.29"]
[EventType "blitz"]

1. f4 d5 2. Nf3 g6 3. g3 Bg7 4. Bg2 Nf6 5. O-O b6 6. d3 Bb7 7. c4 dxc4 8. Qa4+
Nbd7 9. Qxc4 O-O 10. Nc3 a5 11. a3 Nc5 12. Ne5 Bxg2 13. Kxg2 Ne8 14. Be3 Nd6 15.
Qd5 e6 16. Qf3 Nb3 17. Rad1 Nf5 18. Bg1 Nfd4 19. Qf2 b5 20. e3 Nf5 21. d4 b4 22.
axb4 axb4 23. Ne4 Ra2 24. Nd3 Qd5 25. Qf3 Qb5 26. Kh1 Rd8 27. g4 Nh4 28. Qg3 Qd5
29. Nf2 Rxb2 30. Qxh4 Nd2 31. Rxd2 Rxd2 32. h3 Rxf2 33. Bxf2 Qxe4+ 34. Kh2 Ra8
35. Qe7 b3 36. Qxc7 b2 37. Qb6 Qc2 38. Kg2 Ra1 39. Qb8+ Bf8 0-1

[Event "World Blitz 2018"]
[Site "St Petersburg RUS"]
[Date "2018.12.30"]
[Round "16.65"]
[White "Sokolov, Andrei2"]
[Black "Gabrielian, Artur"]
[Result "1/2-1/2"]
[WhiteTitle "IM"]
[BlackTitle "GM"]
[WhiteElo "2532"]
[BlackElo "2499"]
[WhiteFideId "11600306"]
[BlackFideId "4131002"]
[EventDate "2018.12.29"]
[EventType "blitz"]

1. d4 Nf6 2. c4 c5 3. Nf3 cxd4 4. Nxd4 Nc6 5. Nc3 e6 6. a3 Be7 7. e4 Qa5 8. Nb3
Qh5 9. Qxh5 Nxh5 10. Be2 Nf6 11. Be3 b6 12. f3 Ba6 13. c5 Bxe2 14. Kxe2 bxc5 15.
Nxc5 O-O 16. b4 d5 17. Rhd1 Rfd8 18. exd5 exd5 19. Nb5 a5 20. Nd4 Nxd4+ 21. Bxd4
axb4 22. axb4 Rab8 23. Rdb1 Bd6 24. g3 Ne8 25. b5 Nc7 26. b6 Re8+ 27. Kd3 Ne6
28. Nxe6 fxe6 29. Ra7 e5 30. Bf2 e4+ 31. fxe4 dxe4+ 32. Ke2 e3 33. Be1 Be5 34.
b7 Re7 35. Ra8 Rxb7 36. Rxb8+ Rxb8 37. Rxb8+ Bxb8 38. Kxe3 h5 39. Kf3 Kf7 40. h3
Ke6 41. g4 Ke5 1/2-1/2

[Event "World Blitz 2018"]
[Site "St Petersburg RUS"]
[Date "2018.12.30"]
[Round "16.75"]
[White "Zubritskiy, Artyom"]
[Black "Kobo, Ori"]
[Result "1-0"]
[WhiteTitle "IM"]
[BlackTitle "GM"]
[WhiteElo "2442"]
[BlackElo "2494"]
[WhiteFideId "4181247"]
[BlackFideId "2812320"]
[EventDate "2018.12.29"]
[EventType "blitz"]

1. c4 b6 2. Nc3 Bb7 3. e4 Nf6 4. d3 d6 5. g3 c5 6. Bg2 Nc6 7. Nge2 g6 8. O-O Bg7
9. f4 Nd7 10. Be3 O-O 11. Qd2 a6 12. f5 Nde5 13. h3 Rb8 14. Rf4 Nb4 15. Nc1
Nbxd3 16. Nxd3 Nxc4 17. Qe2 Nxe3 18. f6 exf6 19. Qxe3 f5 20. exf5 Re8 21. Qf2 g5
22. f6 gxf4 23. fxg7 fxg3 24. Qxg3 Bxg2 25. Qxg2 Qf6 26. Nd5 Qd4+ 27. Kh1 Re6
28. N3f4 Rbe8 29. Nxe6 fxe6 30. Nc3 Qxg7 31. Ne4 Qxg2+ 32. Kxg2 Rd8 33. Ng5 Re8
34. Re1 e5 35. Ne4 Rd8 36. Rd1 d5 37. Rxd5 Rxd5 38. Nf6+ Kf7 39. Nxd5 b5 40. Nc7
c4 41. Nxa6 Ke6 42. Kf3 Kd5 43. Ke3 h5 44. Nb4+ Kc5 45. Nc2 b4 46. Ke4 b3 47.
axb3 cxb3 48. Ne3 1-0

[Event "World Blitz 2018"]
[Site "St Petersburg RUS"]
[Date "2018.12.30"]
[Round "16.81"]
[White "Drygalov, Andrey"]
[Black "Zablotsky, Sergei"]
[Result "1-0"]
[WhiteTitle "IM"]
[BlackTitle "GM"]
[WhiteElo "2481"]
[BlackElo "2511"]
[WhiteFideId "24171735"]
[BlackFideId "4131606"]
[EventDate "2018.12.29"]
[EventType "blitz"]

1. e4 d6 2. Nc3 Nf6 3. d4 e5 4. dxe5 dxe5 5. Qxd8+ Kxd8 6. Bc4 Be6 7. Bxe6 fxe6
8. Nh3 Bd6 9. f3 a6 10. Nf2 Ke7 11. Be3 Rc8 12. O-O-O Nbd7 13. h4 c5 14. h5 b5
15. g4 Rc6 16. g5 Ne8 17. Ng4 c4 18. Ne2 Nc7 19. f4 exf4 20. Bxf4 Bxf4+ 21. Nxf4
Rc5 22. Nh3 Rf8 23. Rhf1 Rxf1 24. Rxf1 Ne5 25. Ne3 Ne8 26. Kd2 Nd6 27. Rf4 Nef7
28. g6 hxg6 29. hxg6 Nh6 30. Kc3 Re5 31. Nf2 Rg5 32. Kb4 Nb7 33. a4 a5+ 34. Kc3
b4+ 35. Kxc4 Rxg6 36. Kb5 Rg5+ 37. Kb6 Nd6 38. Nd3 Nhf7 39. c3 bxc3 40. bxc3 Rg3
41. Kxa5 Rxe3 42. Nb4 Rxc3 43. Rg4 g5 44. Rg1 Nxe4 45. Re1 Nc5 46. Nd5+ Kd6 47.
Nxc3 g4 48. Kb5 Nb7 49. a5 Nfd8 50. a6 Nc5 51. a7 Nd3 52. Rd1 Nc6 53. Rxd3+ 1-0

[Event "World Blitz 2018"]
[Site "St Petersburg RUS"]
[Date "2018.12.30"]
[Round "17.5"]
[White "Giri, Anish"]
[Black "Tsydypov, Zhamsaran"]
[Result "1-0"]
[WhiteTitle "GM"]
[BlackTitle "IM"]
[WhiteElo "2783"]
[BlackElo "2529"]
[WhiteFideId "24116068"]
[BlackFideId "4108566"]
[EventDate "2018.12.29"]
[EventType "blitz"]

1. e4 c5 2. Nf3 d6 3. Bb5+ Nd7 4. a4 Nf6 5. Nc3 e6 6. O-O a6 7. Be2 b6 8. d4
cxd4 9. Qxd4 Bb7 10. Rd1 Qc7 11. Be3 Be7 12. Nd2 Nc5 13. b4 Ncd7 14. Nc4 O-O 15.
Ra3 d5 16. exd5 Nxd5 17. Nxd5 Bxd5 18. Bf4 Qb7 19. Nd6 Qc6 20. c4 Bxd6 21. cxd5
exd5 22. Rc3 Qxc3 23. Qxc3 Bxf4 24. Qf3 Bh6 25. Rxd5 Nf6 26. Rd6 b5 27. a5 Rfe8
28. g3 Ne4 29. Rd7 Ng5 30. Qd5 Rac8 31. Bf1 Ne6 32. Qf5 Ng5 33. h4 g6 34. Qf6
Re6 35. Rd8+ Bf8 36. Qxg5 1-0

[Event "World Blitz 2018"]
[Site "St Petersburg RUS"]
[Date "2018.12.30"]
[Round "17.8"]
[White "Jones, Gawain C B"]
[Black "Nihal, Sarin"]
[Result "0-1"]
[WhiteTitle "GM"]
[BlackTitle "GM"]
[WhiteElo "2682"]
[BlackElo "2576"]
[WhiteFideId "409561"]
[BlackFideId "25092340"]
[EventDate "2018.12.29"]
[EventType "blitz"]

1. e4 e5 2. d4 exd4 3. Nf3 Nc6 4. Bc4 Bc5 5. c3 Nf6 6. e5 d5 7. Bb5 Ne4 8. cxd4
Bb6 9. Nc3 O-O 10. Be3 Ba5 11. Rc1 Ne7 12. O-O c6 13. Bd3 Bf5 14. Nh4 Nxc3 15.
bxc3 Bxd3 16. Qxd3 Qd7 17. Bg5 Ng6 18. Nf5 Bc7 19. Rce1 Rae8 20. Bc1 Ne7 21.
Nxe7+ Qxe7 22. f4 f5 23. Re2 Qe6 24. Ba3 Rf7 25. Rb1 b6 26. Rc2 Rd7 27. Kh1 Bd8
28. c4 Be7 29. Bxe7 Rexe7 30. c5 b5 31. Qa3 h6 32. Qa6 Kh7 33. Rf2 Qg6 34. Kg1
Qe6 35. Rb3 Qg6 36. Qc8 Rc7 37. Qd8 Qg4 38. Rbf3 Red7 39. Qa8 Qg6 40. Re3 Qe6
41. Qf8 Re7 42. Rb2 Rc8 43. Qxe7 Qxe7 44. e6 a5 45. Re5 Rf8 46. Rbe2 b4 47. Kf2
a4 48. R5e3 Rf6 49. Ke1 b3 50. axb3 a3 51. b4 a2 52. Rxa2 Rxe6 53. Rxe6 Qxe6+
54. Re2 Qc8 55. b5 cxb5 56. Rb2 Qa6 57. Kd2 Kg8 58. Rc2 Qc6 59. Kc3 Kf7 60. Kb4
Qa6 61. c6 Qa4+ 62. Kc3 Ke7 63. c7 Kd7 64. Kd2 Qxd4+ 65. Kc1 Kc8 66. g3 Qc4 67.
Kd2 Kxc7 68. Rxc4+ bxc4 69. Kc3 Kc6 70. Kd4 Kd6 71. h3 g6 72. g4 Ke6 73. Kc3
fxg4 74. hxg4 h5 75. f5+ Kf6 76. Kd4 0-1

[Event "World Blitz 2018"]
[Site "St Petersburg RUS"]
[Date "2018.12.30"]
[Round "17.9"]
[White "Indjic, Aleksandar"]
[Black "Dreev, Aleksey"]
[Result "1/2-1/2"]
[WhiteTitle "GM"]
[BlackTitle "GM"]
[WhiteElo "2620"]
[BlackElo "2670"]
[WhiteFideId "911925"]
[BlackFideId "4100107"]
[EventDate "2018.12.29"]
[EventType "blitz"]

1. d4 d5 2. c4 c6 3. Nf3 Nf6 4. Nc3 e6 5. Bg5 Nbd7 6. e3 Qa5 7. cxd5 Nxd5 8. Qd2
Bb4 9. Rc1 h6 10. Bh4 b6 11. Bd3 Ba6 12. O-O Bxd3 13. Qxd3 Nxc3 14. bxc3 Ba3 15.
Rb1 O-O 16. c4 Bd6 17. Qc2 Qh5 18. Rfd1 Rac8 19. c5 Bb8 20. cxb6 axb6 21. e4
Rfe8 22. Qa4 b5 23. Qa6 Qg4 24. Re1 Nf8 25. Rbc1 e5 26. dxe5 Ng6 27. Bg3 Nxe5
28. Nxe5 Bxe5 29. Rxc6 Bxg3 30. hxg3 Ra8 31. Qxb5 Rxe4 32. Rcc1 Rxe1+ 33. Rxe1
Qa4 34. Qxa4 Rxa4 35. Ra1 Ra3 36. Kf1 Kf8 37. Ke2 Ke7 38. Kd2 Kd6 39. Kc2 Kc5
40. Kb2 Rd3 41. Rc1+ Kb6 42. Rc3 Rd2+ 43. Rc2 Rd1 44. Kb3 h5 45. f3 Rd5 46. Kc4
Rg5 47. Rb2+ Ka6 1/2-1/2

[Event "World Blitz 2018"]
[Site "St Petersburg RUS"]
[Date "2018.12.30"]
[Round "17.21"]
[White "Jobava, Baadur"]
[Black "Ghaem Maghami, Ehsan"]
[Result "1/2-1/2"]
[WhiteTitle "GM"]
[BlackTitle "GM"]
[WhiteElo "2627"]
[BlackElo "2537"]
[WhiteFideId "13601520"]
[BlackFideId "12500739"]
[EventDate "2018.12.29"]
[EventType "blitz"]

1. d4 Nf6 2. c4 e6 3. Nc3 Bb4 4. e3 O-O 5. Bd3 c5 6. Ne2 d5 7. cxd5 cxd4 8. exd4
Nxd5 9. O-O Nc6 10. Nxd5 exd5 11. Qc2 h6 12. Be3 Bd6 13. a3 Be6 14. Rac1 Rc8 15.
Qd2 Qh4 16. g3 Qh5 17. Nc3 Bg4 18. Rfe1 Bf3 19. Bf4 Rcd8 20. Nb5 Bxf4 21. Qxf4
Be4 22. Be2 Qg5 23. Qxg5 hxg5 24. Red1 Rfe8 25. Nc3 Na5 26. Nxe4 Rxe4 27. Bf3
Re7 28. Rc5 Nc4 29. Rxd5 Rxd5 30. Bxd5 Nxb2 31. Rb1 Re2 32. Rc1 Re7 33. Rb1 Re2
34. Bxb7 Rd2 35. d5 Nc4 36. a4 a5 37. Bc6 g4 38. Bd7 Ne5 39. Bc6 Rc2 40. Bb5 Rd2
41. Bc6 Rc2 42. Bb7 Rd2 43. Kf1 g6 44. Kg2 Kf8 45. h3 f5 46. hxg4 fxg4 47. Re1
Nd3 48. Re4 Rxf2+ 49. Kg1 Rb2 50. Bc6 Nb4 51. Rxg4 Kf7 52. Rf4+ Ke7 53. Re4+ Kf7
54. Bb5 Rd2 55. Bc4 Kf6 56. Kf1 Kf5 57. Re8 Nxd5 58. Ke1 Rd4 59. Be2 Nc3 60. Bf3
Rxa4 61. Kd2 Ra3 62. Rf8+ Ke5 63. Re8+ Kf6 64. Rf8+ Ke5 65. Re8+ Kf6 66. Rf8+
Kg7 67. Rc8 Nb1+ 68. Ke2 Rc3 69. Ra8 Rc5 70. Kd3 Na3 71. Kd4 Rg5 72. g4 Nb5+ 73.
Ke3 Nd6 74. Kf4 Rc5 75. g5 Rf5+ 76. Kg4 Nf7 77. Ra7 Kf8 78. Ra8+ Ke7 79. Ra7+
Kf8 80. Be4 Rxg5+ 81. Kf4 Rc5 82. Bxg6 Nd6 83. Rd7 Rd5 84. Ra7 Rc5 85. Rd7 Rd5
86. Ra7 Rc5 87. Rd7 Rd5 1/2-1/2